Brown Foods by Picture - Statistics

General Stats
  • This quiz has been taken 272 times
  • The average score is 10 of 12
Answer Stats
Picture Hint Answer % Correct
Brownie
98%
Chocolate
97%
Coffee
97%
Ginger
95%
Almond
90%
Steak/Beef
85%
Be Specific Chocolate Chip Cookie
84%
Pretzels
79%
Walnut
76%
Nutella
75%
Hazelnut
71%
Be Specific Gingerbread Cookie
50%
No matching quizzes found
Score Distribution
Percent of People with Each Score
Percentile by Number Answered
Your Score History
You have not taken this quiz